| 000 | 01548nam a2200301 4500 | ||
|---|---|---|---|
| 005 | 20240530110959.0 | ||
| 008 | 230117s2022 ua a f b 001 0 ara d | ||
| 017 |
_a2021/22479 _bمصر. دار الكتب |
||
| 020 | _a9789770533802 | ||
| 040 |
_aEG-CaGPL _cEG-CaGPL |
||
| 082 | 0 | 4 |
_221 _a616.89142 _bم ع |
| 100 | 1 | _aمكاى، ماثيو | |
| 245 | 1 | 2 |
_aالعلاج بالتقبل والالتزام للاكتئاب والخزى : _bدليل عملى : التغلب على افكار عدم الكفاءة وزيادة السعادة باستخدام العلاج بالتقبل والالتزام / _cتاليف ماثيو مكاى، مايكل جيسون جرينبرج، باتريك فانينج ؛ ترجمة عبدالجواد خليفة ابو زيد |
| 250 | _aالاولى | ||
| 260 |
_aالقاهرة : _bمكتبة الانجلو المصرية ، _c2022. |
||
| 300 |
_a259 ص. : _bايض : _c24 سم. |
||
| 504 | _aيشتمل على ارجاعات ببليوجرافية | ||
| 650 | 0 | 7 |
_2qrmak _aالاختبارات النفسية |
| 650 | 0 | 7 |
_2qrmak _aالتحليل النفسى |
| 650 | 0 | 7 |
_2qrmak _aالعلاج النفسى |
| 651 | _2qrmak | ||
| 653 | 0 | _aالعلاج بالتقبل والالتزام - العلاج النفسى | |
| 700 | 1 |
_aجرينبرج، مايكل جيسون _eمؤلف مشارك |
|
| 700 | 1 |
_aفانينج، باتريك _eمؤلف مشارك |
|
| 700 | 0 |
_aعبدالجواد خليفة ابو زيد _eمترجم |
|
| 942 |
_2ddc _cBK |
||
| 999 |
_c67152 _d67152 |
||